Abbé Pierre and the ragpickers of Emmaus; (Record no. 2771)

MARC details
000 -LEADER
fixed length control field 01315cam a22002771 4500
001 - CONTROL NUMBER
control field 2771
003 - CONTROL NUMBER IDENTIFIER
control field FISKH
005 - DATE AND TIME OF LATEST TRANSACTION
control field 20240112164953.0
008 - FIXED-LENGTH DATA ELEMENTS--GENERAL INFORMATION
fixed length control field 740813s1955 nyua 000 0 eng
010 ## - LIBRARY OF CONGRESS CONTROL NUMBER
LC control number 55005041
035 ## - SYSTEM CONTROL NUMBER
System control number (OCoLC)977138
040 ## - CATALOGING SOURCE
Original cataloging agency DLC
Transcribing agency TxU-Da
Modifying agency OCoLC
-- DLC
041 1# - LANGUAGE CODE
Language code of text/sound track or separate title eng
Language code of original fre
042 ## - AUTHENTICATION CODE
Authentication code premarc
050 00 - LIBRARY OF CONGRESS CALL NUMBER
Classification number HV4096.P3
Item number S53
082 ## - DEWEY DECIMAL CLASSIFICATION NUMBER
Classification number 362.5
100 1# - MAIN ENTRY--PERSONAL NAME
Personal name Simon, Boris.
245 10 - TITLE STATEMENT
Title Abbé Pierre and the ragpickers of Emmaus;
Statement of responsibility, etc. translated by Lucie Noel
260 ## - PUBLICATION, DISTRIBUTION, ETC.
Place of publication, distribution, etc. London :
Name of publisher, distributor, etc. Harvill Press,
Date of publication, distribution, etc. 1955
300 ## - PHYSICAL DESCRIPTION
Extent 200 pages :
Other physical details illustrations,
Dimensions 22 cm.
520 ## - SUMMARY, ETC.
Summary, etc. The Abbé Pierre has tackled in France the problems of homeless people in a new way. First he bought a house and sheltered a few down-and-out men. Then he organized his ragpickers, combed the dust-bins and the dumps, and then the sewers, and sold the salvage. He bought land, put up huts; bought more land, till he had housed 180 families; the scheme is growing daily. He has now achieved a responsible community of workers in which the poor help the poor. This is not a sociological blueprint but a gripping human story of the lives he has saved.
600 00 - SUBJECT ADDED ENTRY--PERSONAL NAME
Personal name Pierre,
Titles and other words associated with a name abbé,
Dates associated with a name 1912-2007.
650 #0 - SUBJECT ADDED ENTRY--TOPICAL TERM
Topical term or geographic name entry element Poor
Geographic subdivision France
-- Paris.
906 ## - LOCAL DATA ELEMENT F, LDF (RLIN)
a 7
b cbc
c oclcrpl
d u
e ncip
f 19
g y-gencatlg
942 ## - ADDED ENTRY ELEMENTS (KOHA)
Source of classification or shelving scheme Dewey Decimal Classification
Koha item type Books
Suppress in OPAC No
Holdings
Withdrawn status Lost status Source of classification or shelving scheme Damaged status Not for loan Collection Home library Current library Shelving location Date acquired Total Checkouts Full call number Barcode Date last seen Price effective from Koha item type
    Dewey Decimal Classification     Non-Fiction Footprints International School Library Network Toul Kork Campus Footprints International School Library Network Toul Kork Campus   01/12/2024   SIM 362.5 HV4096.P3 2024-0028 01/12/2024 01/12/2024 Books